AI Artificial intelligence In Business (Record no. 60699)
[ view plain ]
| 000 -LEADER | |
|---|---|
| fixed length control field | 00504nam a22001937a 4500 |
| 005 - DATE & TIME | |
| control field | 20260423131103.0 |
| 008 - FIXED-LENGTH DATA ELEMENTS--GENERAL INFORMATION | |
| fixed length control field | 260423b |||||||| |||| 00| 0 eng d |
| 020 ## - ISBN | |
| International Standard Book Number | 9989370635283 |
| Price | 475.00 |
| 040 ## - CATALOGING SOURCE | |
| Original cataloging agency | Doon University |
| 041 ## - Language | |
| Language | English |
| 082 ## - DDC NUMBER | |
| Classification number | 658.4038 |
| Book Number | GUR |
| 100 ## - MAIN ENTRY--PERSONAL NAME | |
| Personal name | Gurazada, Pavankumar |
| 245 ## - TITLE STATEMENT | |
| Title | AI Artificial intelligence In Business |
| 260 ## - PUBLICATION, DISTRIBUTION, ETC. (IMPRINT) | |
| Place of publication, distribution, etc | Noida |
| Name of publisher, distributor, etc | Vikas |
| Date of publication, distribution, etc | 2026 |
| 300 ## - PHYSICAL DESCRIPTION | |
| Pages | 352 |
| 650 ## - Subject | |
| Subject | Commerce (PM USHA) |
| 700 ## - Added Entry Personal Name | |
| Added Entry Personal Name | Gupta, Seema |
| 942 ## - ADDED ENTRY ELEMENTS (KOHA) | |
| Koha item type | Books |
| 100 ## - MAIN ENTRY--PERSONAL NAME | |
| -- | 26704 |
| 650 ## - Subject | |
| -- | 26705 |
| 700 ## - Added Entry Personal Name | |
| -- | 22604 |
| 952 ## - LOCATION AND ITEM INFORMATION (KOHA) | |
| -- | 2026-04-23 |
| 952 ## - LOCATION AND ITEM INFORMATION (KOHA) | |
| -- | 2026-04-23 |
| 952 ## - LOCATION AND ITEM INFORMATION (KOHA) | |
| -- | 2026-04-23 |
| 952 ## - LOCATION AND ITEM INFORMATION (KOHA) | |
| -- | 2026-04-23 |
| 952 ## - LOCATION AND ITEM INFORMATION (KOHA) | |
| -- | 2026-04-23 |
| 952 ## - LOCATION AND ITEM INFORMATION (KOHA) | |
| -- | 2026-04-23 |
| 952 ## - LOCATION AND ITEM INFORMATION (KOHA) | |
| -- | 2026-04-23 |
| 952 ## - LOCATION AND ITEM INFORMATION (KOHA) | |
| -- | 2026-04-23 |
| 952 ## - LOCATION AND ITEM INFORMATION (KOHA) | |
| -- | 2026-04-23 |
| 952 ## - LOCATION AND ITEM INFORMATION (KOHA) | |
| -- | 2026-04-23 |
| Withdrawn status | Lost status | Source of classification or shelving scheme | Damaged status | Not for loan | Location (home branch) | Sublocation or collection (holding branch) | Date acquired | Koha full call number | Accession No. | Koha date last seen | Koha item type | Koha issues (times borrowed) |
|---|---|---|---|---|---|---|---|---|---|---|---|---|
| Not For Loan | Doon University | Doon University | 23.04.2026 | 658.4038 GUR | 32902 | 23.04.2026 | Reference | |||||
| Doon University | Doon University | 23.04.2026 | 658.4038 GUR | 32903 | 23.04.2026 | Books | ||||||
| Doon University | Doon University | 23.04.2026 | 658.4038 GUR | 32904 | 23.04.2026 | Books | ||||||
| Doon University | Doon University | 23.04.2026 | 658.4038 GUR | 32905 | 23.04.2026 | Books | ||||||
| Doon University | Doon University | 23.04.2026 | 658.4038 GUR | 32906 | 23.04.2026 | Books | ||||||
| Doon University | Doon University | 23.04.2026 | 658.4038 GUR | 32907 | 23.04.2026 | Books | ||||||
| Doon University | Doon University | 23.04.2026 | 658.4038 GUR | 32908 | 23.04.2026 | Books | ||||||
| Doon University | Doon University | 23.04.2026 | 658.4038 GUR | 32909 | 23.04.2026 | Books | ||||||
| Doon University | Doon University | 23.04.2026 | 658.4038 GUR | 32910 | 23.04.2026 | Books | ||||||
| Doon University | Doon University | 23.04.2026 | 658.4038 GUR | 32911 | 23.04.2026 | Books |